000 01103nam0a22002651 4500
001 rc\3200776
005 20250530094445.0
021 _aRU
_bП2436-77
035 _a(NLR Aleph) 007345618
090 _a6155152
_c6155152
100 _a20120628d1976 |||y0rusy50 ca
101 0 _arus
102 _aRU
105 _aa z |||||
200 1 _aРеологические полимеры растворов и дисперсных систем
_e[Сборник статей]
_fПод ред. д. х. н., проф. Демишева В.Н.
210 _aМосква
_cБ. и.
_d1976
215 _a152 с.
_cил.
225 1 _aМинистерство высшего и среднего специального образования РСФСР. Всесоюзный заочный машиностроительный институт. Сборник научных трудов
_v34
320 _aБиблиогр. в конце статей
702 1 _aДемишев
_bВ.Н.
_4340
801 0 _aRU
_bNLR
_gpsbo
801 1 _aRU
_bELAR
_2rusmarc
852 _aNLR
_jП10/1908
942 _cBOOK
980 _aNB